000
00298nam a2200109Ia 4500
008
200302s9999 xx 000 0 und d
100
_a
George Michell
245
_a
Mughal Style the art and Architecture of Islamic India
260
_b
India Book House Pvt., Ltd.,
260
_c
2007
300
_a
287 P.,
999
_c
3893
_d
3893